000 00649nam a2200229 i 4500
001 C2-0279406
003 PPAK
005 20211117104808.0
008 070425s xx a|||| ||||| | may d
040 _aPPAK
_beng
_cPPAK
_erda
082 0 4 _a959.5112
_223
090 0 0 _a959.5112
_bHAS
_dKK
100 0 _aHasmida Abu Bakar,
_eauthor
245 1 0 _aKota unik di Kuala Kedah
300 _a4 pages :
_billustrations ;
_c30 cm
336 _2rdacontent
_atext
337 _2rdamedia
_aunmediated
338 _2rdacarrier
_avolume
500 _aPetikan dari majalah Libur Januari 2007 - Artikel Pilihan
650 1 0 _aKedah - History.
942 _cB
_2ddc
999 _c86054
_d86054